Naruto Characters by Team - Statistics

General Stats
  • This quiz has been taken 307 times
  • The average score is 18 of 20
Answer Stats
Team Role Answer % Correct
Team 7 Genin Naruto Uzumaki
100%
Team 7 Genin Sasuke Uchiha
99%
Team 7 Sensei Kakashi Hatake
98%
Team 7 Genin Sakura Haruno
98%
The Three Sand Siblings Genin Gaara
96%
Team 8 Genin Hinata Hyūga
95%
Team 10 Genin Shikamaru Nara
92%
Team 10 Genin Ino Yamanaka
91%
Team 10 Genin Chōji Akimichi
90%
Team 3 Genin Rock Lee
90%
The Three Sand Siblings Genin Temari
89%
Team 3 Genin Neji Hyūga
88%
Team 8 Genin Kiba Inuzuka
87%
Team 3 Genin Tenten
87%
Team 10 Sensei Asuma Sarutobi
86%
Team 3 Sensei Might Guy
86%
Team 8 Genin Shino Aburame
86%
The Three Sand Siblings Genin Kankurō
82%
Team 8 Sensei Kurenai Yuhi
82%
The Three Sand Siblings Sensei Baki
61%
No matching quizzes found
Score Distribution
Percent of People with Each Score
Percentile by Number Answered
Your Score History
You have not taken this quiz